Vista normal Vista MARC

Entrada Personal Name

Número de registros utilizados en: 2

001 - CONTROL NUMBER

  • control field: 28751

003 - CONTROL NUMBER IDENTIFIER

  • control field: OSt

005 - DATE AND TIME OF LATEST TRANSACTION

  • control field: 20230915231451.0

008 - FIXED-LENGTH DATA ELEMENTS

  • fixed length control field: 230915|| aca||aabn | a|a d

040 ## - CATALOGING SOURCE

  • Original cataloging agency: OSt
  • Transcribing agency: OSt

100 ## - HEADING--PERSONAL NAME

  • Personal name: Lyles, Dick

670 ## - SOURCE DATA FOUND

  • Source citation: Work cat.: (OSt)28960: Lyles, Dick, El Secreto de los zapatos viejos : , 2000









Instituto Departamental de Cultura del Meta - Red Departamental de Bibliotecas Públicas del Meta.